[Event "Titled Tuesday intern op 02nd Mar"]
[Site "Chess.com INT"]
[Date "2021.03.02"]
[Round "5"]
[White "Masrahi, Abdulrahman A"]
[Black "Roque Sola, Gisela"]
[Result "1-0"]
[WhiteElo "1989"]
[BlackElo "2046"]
[PlyCount "71"]
[EventDate "2021.03.02"]
[EventType "swiss (blitz)"]
[EventRounds "11"]
[EventCountry "USA"]
[SourceTitle "CBM 201 Extra"]
[Source "ChessBase"]
[SourceDate "2021.05.31"]
[SourceVersion "1"]
[SourceVersionDate "2021.05.31"]
[SourceQuality "1"]

1. d4 e6 2. Nf3 Nf6 3. g3 c5 4. Bg2 Nc6 5. 0-0 cxd4 6. Nxd4 Nxd4 7. Qxd4 Be7 8. c4 0-0 9. Nc3 d6 10. b3 a6 11. Bb2 Rb8 12. Rfd1 Bd7 13. Ne4 e5 14. Nxf6+ gxf6 15. Qd3 Bc6 16. Ba3 Bxg2 17. Kxg2 Qb6 18. Bxd6 Rfd8 19. c5 Qc6+ 20. Qf3 Qxf3+ 21. Kxf3 Bxd6 22. cxd6 Rd7 23. Rd5 Rbd8 24. Rad1 Kg7 25. Ke4 Kg6 26. g4 Rh8 27. h3 h5 28. e3 hxg4 29. hxg4 Rh2 30. f4 exf4 31. exf4 Rxa2 32. Rc5 Re2+ 33. Kf3 Rb2 34. Rd3 b6 35. Rc7 Rd8 36. d7 1-0

[Event "Titled Tuesday intern op 02nd Mar"]
[Site "Chess.com INT"]
[Date "2021.03.02"]
[Round "6"]
[White "Yao, Houji"]
[Black "Masrahi, Abdulrahman A"]
[Result "1-0"]
[WhiteElo "2035"]
[BlackElo "1989"]
[PlyCount "77"]
[EventDate "2021.03.02"]
[EventType "swiss (blitz)"]
[EventRounds "11"]
[EventCountry "USA"]
[SourceTitle "CBM 201 Extra"]
[Source "ChessBase"]
[SourceDate "2021.05.31"]
[SourceVersion "1"]
[SourceVersionDate "2021.05.31"]
[SourceQuality "1"]

1. e4 e5 2. Nf3 Nc6 3. Bb5 a6 4. Ba4 Nf6 5. 0-0 Be7 6. d3 b5 7. Bb3 0-0 8. Nc3 d6 9. a3 Na5 10. Ba2 c5 11. b4 Nc6 12. Nd5 Nxd5 13. Bxd5 Qc7 14. c3 Be6 15. Bb2 Bxd5 16. exd5 Nb8 17. c4 Nd7 18. Nd2 f5 19. f4 Bf6 20. fxe5 Bxe5 21. Bxe5 Nxe5 22. Qc2 Rac8 23. Rac1 Ng4 24. Rf3 Qe7 25. Nf1 Qg5 26. cxb5 axb5 27. Qd2 f4 28. d4 Ne3 29. dxc5 dxc5 30. bxc5 Nxd5 31. c6 h6 32. Rd3 Nf6 33. Rf3 Ng4 34. Qd4 Qg6 35. Rxf4 Rxf4 36. Qxf4 Kh7 37. h3 Nf6 38. c7 Qd3 39. Ng3 1-0

[Event "Titled Tuesday intern op 23rd Feb"]
[Site "Chess.com INT"]
[Date "2021.02.23"]
[Round "5"]
[White "Masrahi, Abdulrahman A"]
[Black "Toncheva, Nadya"]
[Result "1-0"]
[WhiteElo "1989"]
[BlackElo "2283"]
[PlyCount "123"]
[EventDate "2021.02.23"]
[EventType "swiss (blitz)"]
[EventRounds "11"]
[EventCountry "USA"]
[SourceTitle "CBM 200 Extra"]
[Source "ChessBase"]
[SourceDate "2021.03.31"]
[SourceVersion "1"]
[SourceVersionDate "2021.03.31"]
[SourceQuality "1"]

1. d4 d5 2. Bf4 Nf6 3. e3 c5 4. c3 Nc6 5. Nd2 Bf5 6. Qb3 Qd7 7. Ngf3 c4 8. Qd1 e6 9. h3 h6 10. Be2 Bd6 11. Bxd6 Qxd6 12. 0-0 0-0 13. Re1 b5 14. b3 Rfe8 15. a4 a6 16. Qc1 Ne4 17. Qb2 Reb8 18. Rec1 b4 19. cxb4 c3 20. Rxc3 Nxc3 21. Qxc3 Nxb4 22. Rd1 Rc8 23. Qa1 Rab8 24. Rc1 Bd3 25. Bd1 Rc7 26. Ne5 Bf5 27. Rxc7 Qxc7 28. Qa3 Qc3 29. Ndf3 Nd3 30. Qd6 Rc8 31. Qd7 Nxe5 32. Nxe5 Qc7 33. Be2 Qxd7 34. Nxd7 Rc1+ 35. Kh2 a5 36. Nc5 Rc2 37. Bb5 Rxf2 38. Nb7 Be4 39. Kg1 Rxg2+ 40. Kf1 Rh2 41. Nxa5 Rxh3 42. Nc6 Rxe3 43. b4 Rb3 44. a5 Rb1+ 45. Kf2 h5 46. a6 Rb2+ 47. Kg3 g5 48. a7 Rg2+ 49. Kh3 g4+ 50. Kh4 Ra2 51. Na5 Kg7 52. a8Q Rh2+ 53. Kg5 f6+ 54. Kf4 Rf2+ 55. Ke3 Rf3+ 56. Kd2 g3 57. Qb7+ Kg6 58. Qb8 Rf2+ 59. Ke3 f5 60. Qxg3+ Kf6 61. Kxf2 h4 62. Qxh4+ 1-0

[Event "Titled Tuesday intern op 23rd Feb"]
[Site "Chess.com INT"]
[Date "2021.02.23"]
[Round "7"]
[White "Sanchez Alvares, Kelvin Antonio"]
[Black "Masrahi, Abdulrahman A"]
[Result "0-1"]
[WhiteElo "2250"]
[BlackElo "1989"]
[PlyCount "50"]
[EventDate "2021.02.23"]
[EventType "swiss (blitz)"]
[EventRounds "11"]
[EventCountry "USA"]
[SourceTitle "CBM 200 Extra"]
[Source "ChessBase"]
[SourceDate "2021.03.31"]
[SourceVersion "1"]
[SourceVersionDate "2021.03.31"]
[SourceQuality "1"]

1. d4 d5 2. c4 c6 3. Nf3 Nf6 4. Nc3 a6 5. c5 Nbd7 6. Bf4 Nh5 7. Bd2 Nhf6 8. Bf4 Nh5 9. Bd2 Nhf6 10. Bg5 g6 11. e3 Bg7 12. Bd3 0-0 13. h3 b6 14. b4 h6 15. Bf4 bxc5 16. bxc5 Nh5 17. Bh2 Nxc5 18. 0-0 Nxd3 19. Qxd3 Bf5 20. Qd2 Nf6 21. Na4 Ne4 22. Qc1 Qa5 23. Qa3 c5 24. dxc5 Bxa1 25. Rxa1 Bd7 0-1

[Event "Titled Tuesday intern op 23rd Feb"]
[Site "Chess.com INT"]
[Date "2021.02.23"]
[Round "3"]
[White "Vasli, Aref"]
[Black "Masrahi, Abdulrahman A"]
[Result "1-0"]
[WhiteElo "2384"]
[BlackElo "1989"]
[PlyCount "73"]
[EventDate "2021.02.23"]
[EventType "swiss (blitz)"]
[EventRounds "11"]
[EventCountry "USA"]
[SourceTitle "CBM 200 Extra"]
[Source "ChessBase"]
[SourceDate "2021.03.31"]
[SourceVersion "1"]
[SourceVersionDate "2021.03.31"]
[SourceQuality "1"]

1. e4 e5 2. Nf3 Nc6 3. Bb5 a6 4. Ba4 Nf6 5. 0-0 Be7 6. Re1 b5 7. Bb3 d6 8. c3 0-0 9. h3 Nb8 10. d4 Nbd7 11. Nbd2 Bb7 12. Bc2 Re8 13. Nf1 Bf8 14. Ng3 g6 15. Bg5 h6 16. Bd2 c5 17. Qc1 Kh7 18. d5 c4 19. a4 Qc7 20. Be3 Nc5 21. Nh2 h5 22. Nf3 Reb8 23. Ng5+ Kg8 24. f4 Re8 25. f5 Nh7 26. Nxh7 Kxh7 27. Rf1 h4 28. Nh1 bxa4 29. Qe1 Nb3 30. Qxh4+ Kg8 31. Rxa4 Rac8 32. f6 Red8 33. Nf2 Qd7 34. Bxb3 cxb3 35. Raa1 Ra8 36. Ng4 Qe8 37. Nh6+ 1-0

[Event "Asia Nations online Cup"]
[Site "Chess.com INT"]
[Date "2020.10.18"]
[Round "9.6"]
[White "Setyaki, Azarya Jodi"]
[Black "Masrahi, Abdulrahman A"]
[Result "1-0"]
[WhiteElo "2389"]
[BlackElo "1989"]
[PlyCount "81"]
[EventDate "2020.10.10"]
[EventType "team-swiss (rapid)"]
[EventRounds "9"]
[EventCountry "IND"]
[SourceTitle "CBM 198 Extra"]
[Source "ChessBase"]
[SourceDate "2020.11.30"]
[SourceVersion "1"]
[SourceVersionDate "2020.11.30"]
[SourceQuality "1"]
[WhiteTeam "Indonesia"]
[BlackTeam "Saudi Arabia"]
[WhiteTeamCountry "INA"]
[BlackTeamCountry "SAU"]

1. e4 e5 2. Nf3 Nc6 3. Bb5 a6 4. Ba4 Nf6 5. 0-0 Be7 6. Re1 b5 7. Bb3 d6 8. c3 0-0 9. h3 Nb8 10. d4 Nbd7 11. Nbd2 Bb7 12. Bc2 Re8 13. a4 c5 14. d5 c4 15. b3 cxb3 16. Nxb3 Qc7 17. Qd3 Reb8 18. Bd2 Nc5 19. Nxc5 Qxc5 20. axb5 Qxb5 21. Qxb5 axb5 22. Bd3 Rxa1 23. Rxa1 Bc8 24. Rb1 Nd7 25. Be3 Ba6 26. Nd2 Bd8 27. Nb3 Bb6 28. Bxb6 Rxb6 29. Na5 Nc5 30. Bc2 Bb7 31. Nc4 Ra6 32. Rxb5 f5 33. Nxd6 Rxd6 34. Rxc5 Kf8 35. c4 fxe4 36. Rc7 Bxd5 37. cxd5 Rxd5 38. Bxe4 Rd1+ 39. Kh2 Rd2 40. Kg3 h6 41. Rc5 1-0

[Event "Titled Tuesday intern op 4th Febr"]
[Site "Chess.com INT"]
[Date "2020.02.04"]
[Round "1"]
[White "Masrahi, Abdulrahman A"]
[Black "Musovic, Armin"]
[Result "0-1"]
[WhiteElo "1879"]
[BlackElo "2230"]
[PlyCount "77"]
[EventDate "2020.02.04"]
[EventType "swiss (blitz)"]
[EventRounds "10"]
[EventCountry "USA"]
[SourceTitle "EXT 2021"]
[Source "ChessBase"]
[SourceDate "2020.10.23"]
[SourceVersion "1"]
[SourceVersionDate "2020.10.23"]
[SourceQuality "1"]

1. c4 e5 2. g3 Nf6 3. Bg2 c6 4. Nc3 d5 5. Nf3 d4 6. Nb1 Nbd7 7. d3 Bb4+ 8. Nbd2 0-0 9. 0-0 Re8 10. a3 Ba5 11. b4 Bc7 12. c5 Nd5 13. Bb2 Nf8 14. Nc4 Bg4 15. Qd2 h6 16. e4 Nf6 17. h3 Bh5 18. Nh4 Ne6 19. Nf5 Bg6 20. Nfd6 Bxd6 21. Nxd6 Re7 22. f4 exf4 23. gxf4 b6 24. f5 bxc5 25. bxc5 Nxc5 26. e5 Rxe5 27. fxg6 Qxd6 28. gxf7+ Kxf7 29. Qf4 Rd8 30. Rad1 Re2 31. Rf3 Qxf4 32. Rxf4 Rxb2 33. Bxc6 Rd6 34. Bg2 g5 35. Rf3 Kg7 36. Re1 Ne6 37. Rf5 Nf4 38. Bf3 Re6 39. Bg4 0-1

[Event "Titled Tuesday intern op 4th Febr"]
[Site "Chess.com INT"]
[Date "2020.02.04"]
[Round "2"]
[White "Mieszke, Mieczyslaw"]
[Black "Masrahi, Abdulrahman A"]
[Result "1-0"]
[WhiteElo "2431"]
[BlackElo "1879"]
[PlyCount "59"]
[EventDate "2020.02.04"]
[EventType "swiss (blitz)"]
[EventRounds "10"]
[EventCountry "USA"]
[SourceTitle "EXT 2021"]
[Source "ChessBase"]
[SourceDate "2020.10.23"]
[SourceVersion "1"]
[SourceVersionDate "2020.10.23"]
[SourceQuality "1"]

1. Nf3 Nf6 2. c4 g6 3. Nc3 Bg7 4. e4 d6 5. d4 0-0 6. Be2 Na6 7. 0-0 e5 8. Be3 Ng4 9. Bg5 Qe8 10. dxe5 dxe5 11. h3 Nf6 12. Nd5 Nxe4 13. Be7 c6 14. Bxf8 Qxf8 15. Ne3 f5 16. Qc2 Be6 17. Rfd1 Bf7 18. a3 Nac5 19. b4 Ne6 20. c5 Nf4 21. Bc4 Bf6 22. Rd7 Bxc4 23. Qxc4+ Kh8 24. Rad1 Qh6 25. Rxb7 g5 26. Rdd7 g4 27. Rxh7+ Qxh7 28. Rxh7+ Kxh7 29. Qf7+ Kh6 30. Nxf5# 1-0

[Event "Wch Blitz"]
[Site "Moscow"]
[Date "2019.12.30"]
[Round "13"]
[White "Masrahi, Abdulrahman A"]
[Black "Gutenev, Alexander"]
[Result "1-0"]
[WhiteElo "1956"]
[BlackElo "2469"]
[PlyCount "85"]
[EventDate "2019.12.29"]
[EventType "swiss (blitz)"]
[EventRounds "21"]
[EventCountry "RUS"]
[SourceTitle "CBM 193 Extra"]
[Source "ChessBase"]
[SourceDate "2020.01.31"]
[SourceVersion "1"]
[SourceVersionDate "2020.01.31"]
[SourceQuality "1"]

1. Nf3 Nf6 2. g3 b6 3. Bg2 Bb7 4. 0-0 g6 5. c4 Bg7 6. Nc3 0-0 7. b3 e6 8. Bb2 Re8 9. Qc2 d5 10. d4 Na6 11. a3 dxc4 12. bxc4 c5 13. Rfd1 Qe7 14. d5 exd5 15. cxd5 Rad8 16. Qb3 Nc7 17. e4 Ng4 18. Nd2 Ba6 19. a4 Qf6 20. Bf3 Ne5 21. Be2 Nd3 22. Bxd3 Bxd3 23. Nc4 Bxc4 24. Qxc4 h5 25. Rd2 Qg5 26. Rad1 h4 27. Qe2 h3 28. f4 Qh6 29. Nb5 Nxb5 30. axb5 Qh8 31. Bxg7 Qxg7 32. e5 f6 33. e6 Rd6 34. Qg4 f5 35. Qxh3 c4 36. Qf1 Rc8 37. Rc2 Rc5 38. Rxc4 Rcxd5 39. Rxd5 Rxd5 40. Rc8+ Kh7 41. Qh3+ Qh6 42. Rh8+ Kxh8 43. Qxh6+ 1-0

[Event "Wch Blitz"]
[Site "Moscow"]
[Date "2019.12.29"]
[Round "4"]
[White "Masrahi, Abdulrahman A"]
[Black "Gukesh, Dommaraju"]
[Result "0-1"]
[WhiteElo "1956"]
[BlackElo "2547"]
[PlyCount "48"]
[EventDate "2019.12.29"]
[EventType "swiss (blitz)"]
[EventRounds "21"]
[EventCountry "RUS"]
[SourceTitle "CBM 193 Extra"]
[Source "ChessBase"]
[SourceDate "2020.01.31"]
[SourceVersion "1"]
[SourceVersionDate "2020.01.31"]
[SourceQuality "1"]

1. d4 Nf6 2. Nf3 d5 3. Bf4 e6 4. e3 Bd6 5. Bg3 0-0 6. Bd3 c5 7. c3 Qc7 8. Nbd2 Nbd7 9. Qe2 e5 10. dxe5 Nxe5 11. Nxe5 Bxe5 12. Nf3 Bxg3 13. hxg3 h6 14. Qc2 Re8 15. 0-0-0 Bg4 16. Bf5 Rad8 17. Rh4 Bxf5 18. Qxf5 Ne4 19. Rxd5 Nxf2 20. Rxd8 Qxd8 21. Nd2 Nd3+ 22. Kc2 Rxe3 23. Qf1 Re1 24. Qxd3 Rc1+ 0-1

[Event "Wch Rapid"]
[Site "Moscow"]
[Date "2019.12.28"]
[Round "15"]
[White "Guimaraes, Diogo Duarte"]
[Black "Masrahi, Abdulrahman A"]
[Result "0-1"]
[WhiteElo "2322"]
[BlackElo "1956"]
[PlyCount "178"]
[EventDate "2019.12.26"]
[EventType "swiss (rapid)"]
[EventRounds "15"]
[EventCountry "RUS"]
[SourceTitle "CBM 193 Extra"]
[Source "ChessBase"]
[SourceDate "2020.01.31"]
[SourceVersion "1"]
[SourceVersionDate "2020.01.31"]
[SourceQuality "1"]

1. e4 e5 2. Nf3 Nc6 3. Bc4 Bc5 4. c3 Nf6 5. d4 exd4 6. e5 d5 7. Be2 Ne4 8. cxd4 Bb6 9. 0-0 0-0 10. Nc3 Bg4 11. Be3 Be6 12. Na4 f5 13. exf6 Qxf6 14. Rc1 Rae8 15. a3 Qd8 16. b4 Ne7 17. Qc2 c6 18. b5 Bc7 19. bxc6 bxc6 20. Ne5 Qd6 21. Nc5 Bf5 22. Qa4 Ng6 23. f4 Ne7 24. g4 Bc8 25. Nxe4 dxe4 26. Bc4+ Be6 27. f5 Bd5 28. Bf4 Bb6 29. Rfd1 Nxf5 30. gxf5 Rxf5 31. Bg3 Rfxe5 32. Bxd5+ Qxd5 33. Bxe5 Qxe5 34. Qxc6 Qg5+ 35. Kh1 Rf8 36. Qe6+ Kh8 37. Rc8 Qf4 38. Rxf8+ Qxf8 39. Qxe4 h6 40. a4 Qb4 41. Rc1 Qf8 42. d5 Bc7 43. Kg2 Qd6 44. h4 Qh2+ 45. Kf3 Qg3+ 46. Ke2 Qh2+ 47. Kd3 Qd6 48. Rc6 Qa3+ 49. Ke2 Qb2+ 50. Rc2 Qb8 51. Qe6 Qd8 52. d6 Qxd6 53. Qc8+ Bd8 54. Rd2 Qe5+ 55. Kd1 Qa1+ 56. Ke2 Qe5+ 57. Kd3 Qd5+ 58. Kc3 Qa5+ 59. Kc2 Qxa4+ 60. Kb2 Qb4+ 61. Kc1 Qa3+ 62. Kd1 Qf3+ 63. Kc2 Qe4+ 64. Rd3 Qe2+ 65. Kc3 Qe1+ 66. Kd4 Qxh4+ 67. Kc5 Qe7+ 68. Rd6 Qc7+ 69. Rc6 Qe5+ 70. Kc4 Qe4+ 71. Kb3 Qd3+ 72. Rc3 Qd5+ 73. Kc2 Kh7 74. Rd3 Qg2+ 75. Kb3 Bf6 76. Qf5+ Qg6 77. Qd5 Qe8 78. Qf5+ Qg6 79. Qd5 Qe8 80. Qf5+ Kh8 81. Rd7 Qe3+ 82. Kc2 Qc3+ 83. Kd1 Qb3+ 84. Ke2 a6 85. Rd5 Qb2+ 86. Kf3 Qc3+ 87. Kg4 Qc4+ 88. Kh5 Qe2+ 89. Qg4 g6+ 0-1

[Event "Wch Rapid"]
[Site "Moscow"]
[Date "2019.12.28"]
[Round "12"]
[White "Gurvich, Vitaly"]
[Black "Masrahi, Abdulrahman A"]
[Result "1-0"]
[WhiteElo "2230"]
[BlackElo "1956"]
[PlyCount "95"]
[EventDate "2019.12.26"]
[EventType "swiss (rapid)"]
[EventRounds "15"]
[EventCountry "RUS"]
[SourceTitle "CBM 193 Extra"]
[Source "ChessBase"]
[SourceDate "2020.01.31"]
[SourceVersion "1"]
[SourceVersionDate "2020.01.31"]
[SourceQuality "1"]

1. d4 Nf6 2. c4 e6 3. Nf3 Bb4+ 4. Bd2 Bxd2+ 5. Qxd2 0-0 6. Nc3 Qe7 7. e4 d6 8. Be2 e5 9. dxe5 dxe5 10. Nd5 Nxd5 11. cxd5 Bg4 12. h3 Bxf3 13. Bxf3 c5 14. 0-0 Nd7 15. Rac1 b6 16. Rfd1 Qd6 17. a4 Nf6 18. Qd3 Rfd8 19. a5 Ne8 20. axb6 axb6 21. Ra1 Nc7 22. Be2 g6 23. g3 b5 24. Qb3 c4 25. Qc3 Na6 26. Ra5 Nc5 27. Rxb5 Nxe4 28. Qxc4 f5 29. Rc1 Rdc8 30. Qxc8+ Rxc8 31. Rxc8+ Kg7 32. Rc6 Qd7 33. Rcb6 Nd6 34. Rb4 Kh6 35. h4 Ne4 36. Bf3 Qxd5 37. Bxe4 fxe4 38. Rb3 Qd1+ 39. Kg2 Qd5 40. Re3 Kg7 41. Rb4 Kf6 42. Rbxe4 h6 43. Kh2 Qb5 44. Re2 Qb7 45. Rxe5 Qf3 46. Re6+ Kf7 47. Re7+ Kf8 48. Re8+ 1-0

[Event "Titled Tuesday intern op 3rd Jan"]
[Site "Chess.com INT"]
[Date "2019.12.03"]
[Round "7"]
[White "Almeida Junior, Alvaro Alves de"]
[Black "Masrahi, Abdulrahman A"]
[Result "1-0"]
[WhiteElo "2137"]
[BlackElo "1879"]
[PlyCount "71"]
[EventDate "2019.12.03"]
[EventType "swiss (blitz)"]
[EventRounds "10"]
[EventCountry "USA"]
[SourceTitle "EXT 2021"]
[Source "ChessBase"]
[SourceDate "2020.10.23"]
[SourceVersion "1"]
[SourceVersionDate "2020.10.23"]
[SourceQuality "1"]

1. e4 c6 2. d4 d5 3. Nc3 dxe4 4. Nxe4 Nd7 5. Qe2 e6 6. Nf3 Ngf6 7. Bg5 Be7 8. 0-0-0 Qc7 9. Kb1 0-0 10. g4 c5 11. Bxf6 Nxf6 12. Nxf6+ Bxf6 13. g5 Bxd4 14. Nxd4 cxd4 15. Rxd4 Bd7 16. Rh4 g6 17. Rg1 Bc6 18. Rg3 Rad8 19. Rgh3 Qd6 20. Kc1 h5 21. gxh6 Bb5 22. c4 Ba4 23. b3 Qa3+ 24. Kb1 Bc6 25. h7+ Kh8 26. Qb2+ Qxb2+ 27. Kxb2 Rd2+ 28. Kc3 Rxf2 29. Bd3 Rf3 30. Rxf3 Bxf3 31. Rf4 Bc6 32. Bxg6 Kg7 33. Rxf7+ Rxf7 34. Bxf7 Kxh7 35. Bxe6 Kh6 36. Bd5 1-0

[Event "Titled Tuesday intern op 3rd Jan"]
[Site "Chess.com INT"]
[Date "2019.12.03"]
[Round "5"]
[White "Masrahi, Abdulrahman A"]
[Black "Kotepalli, Sai Nirupama"]
[Result "0-1"]
[WhiteElo "1879"]
[BlackElo "1914"]
[PlyCount "78"]
[EventDate "2019.12.03"]
[EventType "swiss (blitz)"]
[EventRounds "10"]
[EventCountry "USA"]
[SourceTitle "EXT 2021"]
[Source "ChessBase"]
[SourceDate "2020.10.23"]
[SourceVersion "1"]
[SourceVersionDate "2020.10.23"]
[SourceQuality "1"]

1. c4 Nc6 2. Nc3 Nf6 3. d4 d6 4. Nf3 g6 5. d5 Nb8 6. e4 Bg7 7. h3 0-0 8. Be2 a5 9. Bf4 Na6 10. 0-0 Nc5 11. e5 Nfd7 12. exd6 cxd6 13. Rb1 a4 14. Nb5 Nb6 15. b4 axb3 16. axb3 Bd7 17. Nfd4 Ra2 18. b4 Ne4 19. Bd3 Bxd4 20. Nxd4 Nc3 21. Qb3 Nxb1 22. Qxa2 Nc3 23. Qb3 Nca4 24. Bh6 Re8 25. Qd1 Nb2 26. Qf3 Nxd3 27. Qxd3 Qc7 28. Qg3 Qxc4 29. Nf3 Nxd5 30. Ng5 Nf6 31. Nf3 Bb5 32. Be3 Qxf1+ 33. Kh2 Rc8 34. Qh4 Qc4 35. Qh6 Qd5 36. Ng5 Qe5+ 37. g3 Rc2 38. Kg2 Qxe3 39. Nxf7 Qxf2+ 0-1

[Event "Titled Tuesday intern op 2nd Febr"]
[Site "Chess.com INT"]
[Date "2019.02.05"]
[Round "2"]
[White "Atanasov, Anthony"]
[Black "Masrahi, Abdulrahman A"]
[Result "1-0"]
[WhiteElo "1938"]
[BlackElo "1879"]
[PlyCount "63"]
[EventDate "2019.02.05"]
[EventType "swiss (blitz)"]
[EventRounds "10"]
[EventCountry "USA"]
[SourceTitle "EXT 2021"]
[Source "ChessBase"]
[SourceDate "2020.10.23"]
[SourceVersion "1"]
[SourceVersionDate "2020.10.23"]
[SourceQuality "1"]

1. a3 e5 2. c4 f5 3. Nc3 Nf6 4. e3 a6 5. Nf3 d6 6. Be2 Be7 7. 0-0 0-0 8. h3 c6 9. b4 Be6 10. Bb2 Nbd7 11. Ng5 Bf7 12. Nxf7 Rxf7 13. d4 e4 14. d5 c5 15. b5 a5 16. a4 b6 17. Qc2 g5 18. f3 g4 19. fxe4 gxh3 20. gxh3 Rg7+ 21. Kh1 Nh5 22. Bxh5 Nf6 23. Rxf5 Nxh5 24. Rxh5 Bf6 25. Rg1 Qe7 26. e5 Rxg1+ 27. Kxg1 Qg7+ 28. Qg2 Qxg2+ 29. Kxg2 Bxe5 30. Rxe5 dxe5 31. Ne4 Re8 32. Nf6+ 1-0

[Event "Titled Tuesday intern op 2nd Febr"]
[Site "Chess.com INT"]
[Date "2019.02.05"]
[Round "10"]
[White "Martinez Camacho, Victor Hugo"]
[Black "Masrahi, Abdulrahman A"]
[Result "1-0"]
[WhiteElo "1557"]
[BlackElo "1879"]
[PlyCount "53"]
[EventDate "2019.02.05"]
[EventType "swiss (blitz)"]
[EventRounds "10"]
[EventCountry "USA"]
[SourceTitle "EXT 2021"]
[Source "ChessBase"]
[SourceDate "2020.10.23"]
[SourceVersion "1"]
[SourceVersionDate "2020.10.23"]
[SourceQuality "1"]

1. d4 Nf6 2. c4 g6 3. Nf3 Bg7 4. g3 d6 5. Bg2 c6 6. 0-0 0-0 7. Nc3 Qa5 8. e4 Bg4 9. Be3 Qh5 10. Qe2 Nbd7 11. Rac1 c5 12. Rcd1 a6 13. a4 Rac8 14. b3 cxd4 15. Bxd4 Nc5 16. Bxf6 Bxf6 17. Nd5 Nd7 18. Nxf6+ exf6 19. Qe3 Ne5 20. Nxe5 Bxd1 21. Nd7 Kg7 22. Qd4 Rfd8 23. Qxf6+ Kg8 24. Qxd8+ Rxd8 25. Nf6+ Kg7 26. Nxh5+ gxh5 27. Rxd1 1-0

[Event "Wch Blitz"]
[Site "St Petersburg"]
[Date "2018.12.30"]
[Round "16"]
[White "Gurvich, Vitaly"]
[Black "Masrahi, Abdulrahman A"]
[Result "1-0"]
[WhiteElo "2270"]
[BlackElo "1903"]
[PlyCount "111"]
[EventDate "2018.12.29"]
[EventType "swiss (blitz)"]
[EventRounds "21"]
[EventCountry "RUS"]
[SourceTitle "CBM 187 Extra"]
[Source "ChessBase"]
[SourceDate "2018.11.04"]
[SourceVersion "1"]
[SourceVersionDate "2018.11.04"]
[SourceQuality "1"]

1. e4 e5 2. Nf3 Nc6 3. Bb5 a6 4. Ba4 Nf6 5. d3 Bc5 6. Nc3 d6 7. a3 0-0 8. h3 h6 9. Rg1 d5 10. Bxc6 bxc6 11. Qe2 dxe4 12. dxe4 Qe7 13. Be3 a5 14. Bxc5 Qxc5 15. Qe3 Qxe3+ 16. fxe3 Re8 17. 0-0-0 Nd7 18. g4 Nf8 19. Nh4 g5 20. Nf5 Kh7 21. b3 Be6 22. h4 Bxf5 23. exf5 gxh4 24. Ne4 Kg7 25. Rh1 Rad8 26. Rdg1 f6 27. Rxh4 Nd7 28. Rgh1 Rh8 29. a4 Nb6 30. Nc5 Rd7 31. Ne6+ Kf7 32. Rxh6 Rxh6 33. Rxh6 Nd5 34. Rh7+ Ke8 35. Rh8+ Ke7 36. Rh7+ Ke8 37. Rxd7 Kxd7 38. Kd2 Kd6 39. c3 c5 40. Kd3 Nb6 41. c4 Nd7 42. g5 fxg5 43. Nxg5 Ke7 44. Ke4 Kf6 45. Nf3 c6 46. Nd2 Nb6 47. Nf1 Nd7 48. Ng3 Kg5 49. Kf3 Nf6 50. Ne4+ Kxf5 51. Nxc5 e4+ 52. Ke2 Ng4 53. Nb7 Ne5 54. Nxa5 Kg4 55. Nb7 Kg3 56. a5 1-0

[Event "Wch Blitz"]
[Site "St Petersburg"]
[Date "2018.12.30"]
[Round "19"]
[White "Masrahi, Abdulrahman A"]
[Black "Lobanov, Sergei"]
[Result "0-1"]
[WhiteElo "1903"]
[BlackElo "2526"]
[PlyCount "92"]
[EventDate "2018.12.29"]
[EventType "swiss (blitz)"]
[EventRounds "21"]
[EventCountry "RUS"]
[SourceTitle "CBM 187 Extra"]
[Source "ChessBase"]
[SourceDate "2018.11.04"]
[SourceVersion "1"]
[SourceVersionDate "2018.11.04"]
[SourceQuality "1"]

1. d4 Nf6 2. Bf4 d5 3. e3 c5 4. c3 Nc6 5. Nd2 e6 6. Ngf3 cxd4 7. exd4 Nh5 8. Bg5 f6 9. Bh4 Bd6 10. Bg3 Nf4 11. Bxf4 Bxf4 12. Bd3 e5 13. g3 Bh6 14. dxe5 fxe5 15. Nxe5 Nxe5 16. Qh5+ Nf7 17. 0-0-0 0-0 18. Kb1 Qg5 19. Qe2 Bg4 20. f3 Rae8 21. Qg2 Bf5 22. Bxf5 Qxf5+ 23. Ka1 g6 24. Nb3 Bg7 25. Nd4 Qd7 26. h4 Ne5 27. h5 Nc4 28. hxg6 hxg6 29. Qh2 Kf7 30. f4 Ne3 31. Rde1 Rh8 32. Qf2 Ng4 33. Qf3 Rxh1 34. Rxh1 Re3 35. Qf1 Re4 36. f5 Bxd4 37. fxg6+ Kxg6 38. cxd4 Qe7 39. Qd1 Re2 40. a3 Qe4 41. Rh4 Kf6 42. Qf1+ Ke6 43. Qf8 Re1+ 44. Ka2 Qb1+ 45. Kb3 Qd3+ 46. Ka2 Qc4+ 0-1